000 01115nam a2200289 i 4500
001 10244
003 ES-MaACL
005 20230906145840.0
007 t|
008 950324s1994 sp |||| | spa d
020 _a84-87111-42-4
080 _a35(794)"17"(094.5)
110 1 _aCalifornia.
_bGobernador.
_9168371
245 1 0 _aReglamento para el gobierno de la Provincia de Californias, 1781 /
_cFelipe de Neve ; edición de Salvador Bernabéu Albert.
260 _aAranjuez :
_bDoce Calles,
_cD.L. 1994.
300 _a117 p. ;
_c24 cm.
490 1 _aRegidores
505 8 _aIncluye: ;
_tInforme de Felipe de Neve (1778) ;
_tReglamento de precios para la antigua California (1781) (p. 37-64)
534 _pReprod. de la ed. de:
_cMéxico : por D. Felipe de Zuniga y Ontiveros ..., año de 1784.
650 4 _aDerecho colonial-
_zCalifornia-
_vFuentes.
_9168370
700 1 _aNeve, Felipe de.
_985466
700 1 _aBernabéu Albert, Salvador.
_928162
710 1 _aEspaña.
_bRey (1759-1788: Carlos III)
_93960
830 0 _aRegidores
_9228113
852 _aES-MaACL
_jL-17681
999 _c10244
_d10244